| Registos Bibliográficos associados ao registo de autoridade |
|
Etiqueta de registo: 00230nam 2200025 450 001 1815985 003 http://id.bnportugal.gov.pt/bib/catbnp/1815985 010 ## $a978-972-40-4919-9 021 ## $aPT$b355376/13 100 ## $a20120724d2013 k y0pory0103 ba 101 0# $apor 102 ## $aPT 105 ## $ay z 000yy 106 ## $ar 200 1# $aDiálogos urbanos$eterritórios, culturas, patrimónios$forg. Carlos Fortuna, Rogério Proença Leite 210 #9 $aCoimbra$cAlmedina,$d2013 215 ## $a363 p.$cil.$d24 cm 225 2# $aCES.$iSérie cidade e arquitectura$v4 320 ## $aContém bibliografia 675 ## $a316.72(042)$vBN$zpor$3988622 675 ## $a711.4(042)$vBN$zpor$31217281 702 #1 $aFortuna,$bCarlos,$f195?-$4340$396261 702 #1 $aLeite,$bRogério Proença$4340$31382384 801 #0 $aPT$bBN$gRPC 856 41 $uhttp://rnod.bnportugal.gov.pt/ImagesBN/winlibimg.aspx?skey=&doc=1815985&img=26280&save=true 900 ## $aBIBNAC$d20130620 966 ## $lBN$mFGMON$sS.C. 133824 V.$x1 966 ## $lBN$mFGMON$sS.C. 133824 V.-D$x1
Etiqueta de registo: 00230nam 2200025 450 001 1716914 003 http://id.bnportugal.gov.pt/bib/catbnp/1716914 010 ## $a978-972-40-3924-4 021 ## $aPT$b297901/09 100 ## $a20090625d2009 m y0pory0103 ba 101 0# $apor 102 ## $aPT 105 ## $ay z 000yy 106 ## $ar 200 1# $aPlural de cidade$enovos léxicos urbanos$forg. Carlos Fortuna, Rogério Proença Leite 210 #9 $aCoimbra$cAlmedina,$d2009 215 ## $a340 p.$cil.$d24 cm 225 2# $aCES.$iCidades e arquitectura 675 ## $a316.72(100-25)(042)$vBN$zpor$31407031 675 ## $a711.4(042)$vBN$zpor$31217281 702 #1 $aFortuna,$bCarlos,$f195?-$4340$396261 702 #1 $aLeite,$bRogério Proença$4340$31382384 801 #0 $aPT$bBN$gRPC 900 ## $aBIBNAC$d20110712 966 ## $lBN$mFGMON$sS.C. 125533 V.$x1 966 ## $lBN$mFGMON$sS.C. 125533 V.-D$x1
Etiqueta de registo: 00254nam 2200025 450 001 2288504 003 http://id.bnportugal.gov.pt/bib/catbnp/2288504 100 ## $a20260622d2025 k y0pory01030103ba 101 0# $apor$deng 102 ## $aPT 105 ## $aa m 001yy 106 ## $ar 200 1# $a Os sons do espaço público e da arquitetura na sociedade da sonorização ativa$fCristiano Ricardo de Azevedo Pacheco$gorient. Paulo Jorge Marques Peixoto, Rogerio Proença de Sousa Leite 210 #9 $aCoimbra$c[s.n.],$d2025 215 ## $a581 p.$cil.$d30 cm 328 #1 $aTese dout. Sociologia - Cidades e Culturas Urbanas, Faculdade de Economia da Universidade
de Coimbra, 2025 700 #1 $aPacheco,$bCristiano Ricardo de Azevedo$32001284 702 #1 $aPeixoto,$bPaulo Jorge Marques$4727$3820405 702 #1 $aLeite,$bRogério Proença$4727$31382384 801 #0 $aPT$bBN$gRPC 966 ## $lBN$mFGMON$x1 971 ## $cisantos$d20260622
|
|
|